[Event "26PCR_F"]
[Site "?"]
[Date "2012.10.29"]
[Round "?"]
[White "Pavlicek, Miroslav"]
[Black "Fejfar, Vlastimil"]
[Result "1-0"]
[WhiteElo "2272"]
[BlackElo "2168"]
[PlyCount "57"]
[EventDate "2012.??.??"]
[EventType "corr"]
[EventRounds "2"]
[SourceDate "2010.08.23"]

1. e4 e5 2. Nf3 Nc6 3. Bb5 a6 4. Ba4 Nf6 5. d4 exd4 6. O-O Be7 7. e5 Ne4 8. Re1
Nc5 9. Bxc6 dxc6 10. Nxd4 O-O 11. Nc3 Re8 12. Be3 Bf8 13. Qh5 Qd7 14. h3 g6 15.
Qh4 Rxe5 16. b4 Ne6 17. Ne4 Bg7 18. Nf6+ Bxf6 19. Qxf6 Re4 20. Rad1 Qd8 21. Qf3
Qh4 22. g3 Rxe3 23. Rxe3 Qxh3 24. Qf6 Bd7 25. Nb3 Be8 26. Nc5 Qg4 27. Rdd3 Nxc5
28. bxc5 Bd7 29. Rd4 1-0

[Event "26PCR_F"]
[Site "?"]
[Date "2012.10.29"]
[Round "?"]
[White "Slavik, Miroslav"]
[Black "Chvojka, Jaroslav"]
[Result "0-1"]
[WhiteElo "2222"]
[BlackElo "2178"]
[PlyCount "96"]
[EventDate "2012.??.??"]
[EventType "corr"]
[EventRounds "2"]
[SourceDate "2010.08.23"]

1. e4 c6 2. d4 d5 3. e5 c5 4. dxc5 e6 5. Be3 Nc6 6. Nf3 Nh6 7. c3 Nf5 8. Bd4
Bd7 9. a3 b6 10. cxb6 Ncxd4 11. cxd4 Qxb6 12. Qd2 h5 13. Nc3 g6 14. b4 Bh6 15.
Qd1 O-O 16. Na2 a5 17. b5 a4 18. Rb1 Qa5+ 19. Nb4 Rfc8 20. Be2 Rc3 21. O-O Rxa3
22. Na6 Qb6 23. Nc5 Be8 24. Rb4 Bf8 25. Rxa4 R8xa4 26. Nxa4 Qa5 27. Nc5 Bxb5
28. Bxb5 Qxb5 29. h3 Nxd4 30. Qxd4 Bxc5 31. Qf4 Ra4 32. Qf6 Qe8 33. Qg5 Ra2 34.
Qh6 Qa4 35. Ng5 Qf4 36. Qh7+ Kf8 37. Qh8+ Ke7 38. Nf3 Bxf2+ 39. Kh1 Bb6 40. Qb8
Qc4 41. Qd6+ Ke8 42. Qb8+ Bd8 43. Rg1 Qc5 44. Qb1 Qf2 45. Qb4 Bb6 46. Qd6 Ba7
47. Qc6+ Kf8 48. Qc8+ Kg7 0-1

[Event "26PCR_F"]
[Site "?"]
[Date "2012.10.29"]
[Round "?"]
[White "Benes, Jiri"]
[Black "Goc, Pavel"]
[Result "1-0"]
[WhiteElo "2106"]
[BlackElo "2118"]
[PlyCount "71"]
[EventDate "2012.??.??"]
[EventType "corr"]
[EventRounds "2"]
[SourceDate "2010.08.23"]

1. c4 e5 2. Nc3 Nc6 3. Nf3 Nf6 4. g3 Bb4 5. Bg2 O-O 6. O-O e4 7. Ng5 Bxc3 8.
bxc3 Re8 9. Qc2 Qe7 10. d3 exd3 11. exd3 b6 12. Bd2 Bb7 13. Rae1 Qf8 14. Be3
Re7 15. h3 Rae8 16. Re2 h6 17. Nf3 d5 18. c5 b5 19. Qb3 a6 20. a4 b4 21. cxb4
d4 22. Nxd4 Nxd4 23. Bxd4 Rxe2 24. Bxb7 R8e6 25. Bf3 Re1 26. Rxe1 Rxe1+ 27. Kg2
Qd8 28. Qb2 Re6 29. b5 axb5 30. axb5 Nd7 31. Qb3 Ne5 32. Bd5 Nxd3 33. b6 cxb6
34. cxb6 Nc1 35. Qc4 Re7 36. b7 1-0

[Event "26PCR_F"]
[Site "?"]
[Date "2012.10.29"]
[Round "?"]
[White "Urban, Milos"]
[Black "Postl, Rostislav"]
[Result "1/2-1/2"]
[WhiteElo "2158"]
[BlackElo "2277"]
[PlyCount "157"]
[EventDate "2012.??.??"]
[EventType "corr"]
[EventRounds "2"]
[SourceDate "2010.08.23"]

1. e4 e5 2. Nf3 Nf6 3. d4 Nxe4 4. Bd3 d5 5. Nxe5 Bd6 6. O-O O-O 7. c4 Bxe5 8.
dxe5 Nc6 9. cxd5 Qxd5 10. Qc2 Nb4 11. Bxe4 Nxc2 12. Bxd5 Bf5 13. g4 Bxg4 14.
Bxb7 Rab8 15. Be4 Nxa1 16. Nc3 Bh3 17. Re1 Rb4 18. f3 a5 19. Kf2 Be6 20. Kg3
Rfb8 21. Bf4 Rxe4 22. Nxe4 Nc2 23. Re2 Nd4 24. Rd2 Nf5+ 25. Kf2 h6 26. b3 a4
27. bxa4 Rb4 28. Rd8+ Kh7 29. a5 Ra4 30. Bd2 Rxa2 31. Nc5 Bc4 32. h3 c6 33. Rd7
Kg6 34. f4 h5 35. Ke1 h4 36. e6 Ra1+ 37. Kf2 fxe6 38. Rd8 Rd1 39. a6 Ra1 40.
Nd7 Bxa6 41. Ne5+ Kh7 42. Nf7 Ra2 43. Ke1 c5 44. Ng5+ Kg6 45. Nxe6 Ra1+ 46. Kf2
Rf1+ 47. Kg2 Ng3 48. Rd7 Rd1 49. Nf8+ Kf5 50. Be1 Rxd7 51. Nxd7 c4 52. Kf3 Bb7+
53. Ke3 Bg2 54. Ne5 g5 55. Nxc4 gxf4+ 56. Kf2 Bxh3 57. Nd6+ Kg4 58. Nf7 Ne4+
59. Kg1 Kh5 60. Ne5 Ng5 61. Bb4 Bf5 62. Be7 Bc8 63. Nd3 Kg4 64. Bd6 f3 65. Nf2+
Kh5 66. Kf1 Bb7 67. Ke1 Nf7 68. Bb8 Nh6 69. Kf1 Kg6 70. Bc7 Kg5 71. Nh3+ Kg4
72. Nf2+ Kh5 73. Bb8 Kg5 74. Bc7 Nf5 75. Kg1 Ng3 76. Nd3 Kg4 77. Bd8 Be4 78.
Ne5+ Kh5 79. Nd7 1/2-1/2

[Event "26PCR_F"]
[Site "?"]
[Date "2012.10.29"]
[Round "?"]
[White "Smolka, Jan"]
[Black "Urban, Milos"]
[Result "1/2-1/2"]
[WhiteElo "2137"]
[BlackElo "2158"]
[PlyCount "73"]
[EventDate "2012.??.??"]
[EventType "corr"]
[EventRounds "2"]
[SourceDate "2010.08.23"]

1. e4 e5 2. Nf3 Nf6 3. Nxe5 d6 4. Nf3 Nxe4 5. d4 d5 6. Bd3 Nc6 7. O-O Be7 8. c4
Nb4 9. Be2 O-O 10. Nc3 Bf5 11. a3 Nxc3 12. bxc3 Nc6 13. Re1 Re8 14. cxd5 Qxd5
15. Bf4 Rac8 16. Bd3 Qd7 17. Rb1 b6 18. d5 Bxd3 19. Qxd3 Bxa3 20. Ng5 g6 21.
Ne4 Qf5 22. Bxc7 Rxc7 23. Nf6+ Qxf6 24. Rxe8+ Kg7 25. dxc6 Bc5 26. Rf1 Rxc6 27.
Qa6 Rd6 28. Re2 Rd7 29. c4 Qd4 30. h3 Qd3 31. Rfe1 Qd6 32. Qa1+ Qd4 33. Qa6 Qf4
34. Rb1 Rd3 35. Qxa7 Rxh3 36. gxh3 Qg3+ 37. Kf1 1/2-1/2

[Event "26PCR_F"]
[Site "?"]
[Date "2012.10.29"]
[Round "?"]
[White "Chvojka, Jaroslav"]
[Black "Benes, Jiri"]
[Result "0-1"]
[WhiteElo "2178"]
[BlackElo "2106"]
[PlyCount "83"]
[EventDate "2012.??.??"]
[EventType "corr"]
[EventRounds "2"]
[SourceDate "2010.08.23"]

1. d4 Nf6 2. Nc3 d5 3. Bg5 h6 4. Bf4 Bf5 5. e3 Nc6 6. Bd3 e6 7. Nf3 Bd6 8. Ne5
O-O 9. O-O Ne4 10. Bxe4 dxe4 11. Qe2 Ne7 12. g4 Bh7 13. Qb5 f6 14. Qc4 Kh8 15.
Rad1 Qe8 16. Bg3 a6 17. a4 Rb8 18. f4 Nc8 19. Ra1 Nb6 20. Qb3 fxe5 21. fxe5
Rxf1+ 22. Rxf1 Bf8 23. a5 Nd7 24. Ne2 b6 25. Nf4 Bg8 26. Qa4 Bf7 27. axb6 Nxb6
28. Qxa6 Nd5 29. Nxd5 exd5 30. b3 Kg8 31. Qe2 Be6 32. h3 c5 33. Kg2 cxd4 34.
exd4 h5 35. gxh5 Qc8 36. Kh2 Bxh3 37. Rf4 Rb6 38. c4 Be6 39. Qc2 Qb7 40. cxd5
Bxd5 41. b4 Bxb4 42. Bf2 0-1

[Event "26PCR_F"]
[Site "?"]
[Date "2012.10.29"]
[Round "?"]
[White "Fejfar, Vlastimil"]
[Black "Slavik, Miroslav"]
[Result "1/2-1/2"]
[WhiteElo "2168"]
[BlackElo "2222"]
[PlyCount "88"]
[EventDate "2012.??.??"]
[EventType "corr"]
[EventRounds "2"]
[SourceDate "2010.08.23"]

1. e4 e5 2. f4 exf4 3. Nf3 g5 4. Bc4 g4 5. O-O gxf3 6. Qxf3 Qf6 7. e5 Qxe5 8.
Bxf7+ Kxf7 9. d4 Qxd4+ 10. Be3 Qg7 11. Qxf4+ Nf6 12. Bd4 Be7 13. Nc3 d6 14. Nd5
Bh3 15. Rf2 Nbd7 16. Qe3 Be6 17. Nxc7 Ne5 18. Re1 Rhc8 19. Nxa8 Kf8 20. Bxe5
dxe5 21. Qxe5 Bc5 22. Qxe6 Bxf2+ 23. Kxf2 Rxa8 24. Qd6+ Kg8 25. h3 Qf8 26.
Qxf8+ Rxf8 27. Kg3 Kf7 28. Kf3 h5 29. g4 hxg4+ 30. hxg4 Rg8 31. Rg1 Rg7 32. Kf4
Kg6 33. Re1 Rd7 34. Kf3 Kg5 35. Re5+ Kh4 36. g5 Nh7 37. Kf4 Rf7+ 38. Rf5 Rg7
39. g6 Rxg6 40. Rf7 Rf6+ 41. Rxf6 Nxf6 42. Ke5 Kg5 43. Kd6 Kf4 44. Kc7 b5
1/2-1/2

[Event "26PCR_F"]
[Site "?"]
[Date "2012.10.29"]
[Round "?"]
[White "Stepan, Josef"]
[Black "Pavlicek, Miroslav"]
[Result "0-1"]
[WhiteElo "1871"]
[BlackElo "2272"]
[PlyCount "74"]
[EventDate "2012.??.??"]
[EventType "corr"]
[EventRounds "2"]
[SourceDate "2010.08.23"]

1. d4 Nf6 2. c4 e6 3. Nc3 c6 4. e4 Bb4 5. Bd3 d5 6. cxd5 exd5 7. e5 Ne4 8. Qc2
Ng5 9. Nge2 Ne6 10. O-O g6 11. f4 Ng7 12. Ng3 f5 13. exf6 Qxf6 14. Be3 O-O 15.
f5 Bxf5 16. Nxf5 Nxf5 17. Bxf5 gxf5 18. Rf3 Na6 19. Raf1 Bd6 20. Rxf5 Qe6 21.
Bg5 Nb4 22. Rxf8+ Rxf8 23. Rxf8+ Bxf8 24. Qd2 Nc2 25. Ne2 Qe4 26. Bf6 Ne3 27.
Nc3 Qf4 28. Qe2 Bg7 29. Bxg7 Kxg7 30. Nd1 Nf5 31. Qe5+ Qxe5 32. dxe5 Kf7 33.
Nf2 Ke6 34. Nd3 b6 35. Kf2 c5 36. Kf3 c4 37. Nb4 Ne7 0-1

[Event "26PCR_F"]
[Site "?"]
[Date "2012.10.29"]
[Round "?"]
[White "Slavik, Miroslav"]
[Black "Stepan, Josef"]
[Result "1-0"]
[WhiteElo "2222"]
[BlackElo "1871"]
[PlyCount "53"]
[EventDate "2012.??.??"]
[EventType "corr"]
[EventRounds "2"]
[SourceDate "2010.08.23"]

1. d4 d5 2. Nf3 e6 3. e3 c5 4. c4 Nc6 5. cxd5 exd5 6. Be2 Nf6 7. O-O cxd4 8.
exd4 Be7 9. Nc3 O-O 10. Re1 Bf5 11. Bg5 Ne4 12. Bxe7 Qxe7 13. Nxd5 Qd6 14. Ne3
Bg6 15. Bb5 Rad8 16. Nc4 Qd5 17. Bxc6 Qxc6 18. Nce5 Qd6 19. Qb3 b6 20. Qa4 a5
21. Rac1 Rc8 22. Rxc8 Rxc8 23. Nxg6 Qxg6 24. Qd7 Rf8 25. Ne5 Qg5 26. Qc6 Nxf2
27. Qf3 1-0

[Event "26PCR_F"]
[Site "?"]
[Date "2012.10.29"]
[Round "?"]
[White "Benes, Jiri"]
[Black "Fejfar, Vlastimil"]
[Result "1-0"]
[WhiteElo "2106"]
[BlackElo "2168"]
[PlyCount "79"]
[EventDate "2012.??.??"]
[EventType "corr"]
[EventRounds "2"]
[SourceDate "2010.08.23"]

1. c4 e5 2. Nc3 Nf6 3. g3 Bc5 4. Nf3 Nc6 5. Nxe5 Bxf2+ 6. Kxf2 Nxe5 7. e4 d6 8.
d4 Ng6 9. h4 Bg4 10. Be2 Qd7 11. h5 Ne7 12. Bg5 Bxe2 13. Qxe2 Ng4+ 14. Kg2 f6
15. Bd2 O-O-O 16. Rh4 f5 17. exf5 Nf6 18. Qe6 Nxf5 19. Qxd7+ Rxd7 20. Rf4 Ne7
21. h6 Ng6 22. Rf5 Ng8 23. hxg7 Rxg7 24. Rf2 h5 25. Rh1 h4 26. g4 N8e7 27. Bg5
Rhh7 28. Rhf1 Nc6 29. d5 Nd8 30. Ne4 b6 31. Kh3 Nf7 32. Bf6 Rg8 33. Bd4 Rf8 34.
b3 Kd8 35. Rf5 Ne7 36. Rf6 Ng8 37. Re6 Re8 38. g5 Ne5 39. Bxe5 dxe5 40. g6 1-0

[Event "26PCR_F"]
[Site "?"]
[Date "2012.10.29"]
[Round "?"]
[White "Urban, Milos"]
[Black "Goc, Pavel"]
[Result "1-0"]
[WhiteElo "2158"]
[BlackElo "2118"]
[PlyCount "69"]
[EventDate "2012.??.??"]
[EventType "corr"]
[EventRounds "2"]
[SourceDate "2010.08.23"]

1. e4 e5 2. Nf3 Nf6 3. d4 Nxe4 4. Bd3 d5 5. Nxe5 Nd7 6. Nxd7 Bxd7 7. O-O Qh4 8.
c4 O-O-O 9. c5 g5 10. Be3 Re8 11. Nd2 Bg7 12. Nxe4 dxe4 13. Be2 f5 14. d5 c6
15. Qa4 cxd5 16. Qxa7 Bc6 17. b4 Bxa1 18. Rxa1 f4 19. b5 Bxb5 20. Bxb5 fxe3 21.
c6 Qxf2+ 22. Kh1 Kc7 23. cxb7 Kd6 24. Rc1 Rhf8 25. b8=Q+ Rxb8 26. Qc7+ Ke6 27.
Rc6+ Kf5 28. Qd7+ Kf4 29. Qd6+ Kf5 30. h3 Qe1+ 31. Kh2 g4 32. Qxd5+ Kf4 33.
Qd6+ Kg5 34. Qh6+ Kf5 35. Rc5# 1-0

[Event "26PCR_F"]
[Site "?"]
[Date "2012.10.29"]
[Round "?"]
[White "Postl, Rostislav"]
[Black "Smolka, Jan"]
[Result "1-0"]
[WhiteElo "2277"]
[BlackElo "2137"]
[PlyCount "93"]
[EventDate "2012.??.??"]
[EventType "corr"]
[EventRounds "2"]
[SourceDate "2010.08.23"]

1. d4 Nf6 2. Bg5 Ne4 3. Bf4 c5 4. f3 Qa5+ 5. c3 Nf6 6. dxc5 Qxc5 7. b4 Qb6 8.
e4 a5 9. b5 e6 10. Be5 Bc5 11. Bd4 e5 12. Bxc5 Qxc5 13. c4 d6 14. Nc3 Be6 15.
Na4 Qc7 16. Ne2 Nbd7 17. Qd2 O-O 18. Rc1 Rac8 19. Nec3 Nc5 20. Nb2 h5 21. Nbd1
h4 22. Ne3 Ncd7 23. Be2 Qb6 24. O-O Nh5 25. Rfd1 Nf4 26. Bf1 Qd8 27. Qxd6 Qg5
28. Qd2 Nc5 29. Kh1 b6 30. Qe1 Rcd8 31. Rb1 Rb8 32. Rd6 Rfd8 33. Rbd1 Nh5 34.
Rxd8+ Rxd8 35. Ncd5 Rb8 36. Nf5 Bxf5 37. exf5 f6 38. Qe3 Qxe3 39. Nxe3 Kf7 40.
Rd2 Rb7 41. Rd8 g5 42. fxg6+ Kxg6 43. Rg8+ Rg7 44. Rb8 Nd7 45. Rb7 Nf4 46. g3
Ne6 47. Bd3+ 1-0

[Event "26PCR_F"]
[Site "?"]
[Date "2012.10.29"]
[Round "?"]
[White "Goc, Pavel"]
[Black "Postl, Rostislav"]
[Result "0-1"]
[WhiteElo "2118"]
[BlackElo "2277"]
[PlyCount "86"]
[EventDate "2012.??.??"]
[EventType "corr"]
[EventRounds "2"]
[SourceDate "2010.08.23"]

1. d4 d5 2. Nf3 c6 3. c4 dxc4 4. e3 Be6 5. Qc2 b5 6. Be2 Nf6 7. O-O g6 8. e4
Bg7 9. b3 cxb3 10. axb3 O-O 11. h3 a5 12. Bd2 Qb6 13. Rc1 Rc8 14. Qd3 Ne8 15.
Bb4 Nd6 16. e5 Nd7 17. Bc5 Qb8 18. Ba3 b4 19. Bb2 Nb5 20. Nbd2 Bh6 21. Qe4 a4
22. bxa4 Nc3 23. Rxc3 bxc3 24. Bxc3 Bxd2 25. Nxd2 Nb6 26. a5 Nd5 27. Qd3 c5 28.
a6 c4 29. Qc2 Rc6 30. Bf3 Rcxa6 31. Rxa6 Rxa6 32. Nxc4 Nxc3 33. Qxc3 Bxc4 34.
Qxc4 Ra1+ 35. Kh2 Qb2 36. e6 Qb8+ 37. g3 Qb2 38. exf7+ Kg7 39. Qe2 Qxe2 40.
Bxe2 Ra2 41. Bc4 Rxf2+ 42. Kg1 Rd2 43. d5 Kxf7 0-1

[Event "26PCR_F"]
[Site "?"]
[Date "2012.10.29"]
[Round "?"]
[White "Chvojka, Jaroslav"]
[Black "Urban, Milos"]
[Result "0-1"]
[WhiteElo "2178"]
[BlackElo "2158"]
[PlyCount "106"]
[EventDate "2012.??.??"]
[EventType "corr"]
[EventRounds "2"]
[SourceDate "2010.08.23"]

1. d4 d5 2. c4 c6 3. Nf3 Nf6 4. e3 e6 5. Bd3 dxc4 6. Bxc4 c5 7. Nc3 a6 8. Bb3
b5 9. e4 cxd4 10. Nxd4 Nbd7 11. O-O Bc5 12. Nf3 Bb7 13. Qe2 Qb8 14. a3 a5 15.
g3 Ba6 16. a4 bxa4 17. Bc4 Bxc4 18. Qxc4 O-O 19. Qe2 Rc8 20. Nxa4 Bb4 21. Bg5
Qb7 22. Rfd1 e5 23. Qd3 Ra6 24. Bxf6 Nxf6 25. Ng5 h6 26. Nf3 Nxe4 27. Rf1 Rd6
28. Qe2 f6 29. Rab1 Qd5 30. Rbc1 Rxc1 31. Rxc1 Rc6 32. Rxc6 Qxc6 33. Qd1 h5 34.
Qb3+ Kh8 35. Qd1 g5 36. h3 Bc5 37. Nxc5 Qxc5 38. Qe2 Nxg3 39. Qd2 h4 40. Nxh4
Qc1+ 41. Qxc1 Ne2+ 42. Kg2 Nxc1 43. Nf3 Kg7 44. Ne1 e4 45. f3 Nd3 46. Nxd3 exd3
47. Kf2 Kg6 48. Ke3 Kf5 49. Kxd3 Kf4 50. Ke2 a4 51. Kf2 f5 52. Kg2 Ke3 53. Kg3
f4+ 0-1

[Event "26PCR_F"]
[Site "?"]
[Date "2012.10.29"]
[Round "?"]
[White "Stepan, Josef"]
[Black "Benes, Jiri"]
[Result "0-1"]
[WhiteElo "1871"]
[BlackElo "2106"]
[PlyCount "68"]
[EventDate "2012.??.??"]
[EventType "corr"]
[EventRounds "2"]
[SourceDate "2010.08.23"]

1. d4 Nf6 2. c4 e6 3. Nf3 a6 4. Nc3 d5 5. cxd5 exd5 6. Bg5 Bb4 7. e3 h6 8. Bh4
g5 9. Bg3 Ne4 10. Qc2 Nc6 11. Bd3 Nxg3 12. hxg3 Be6 13. Bf5 Qf6 14. g4 O-O-O
15. a3 Bxc3+ 16. bxc3 h5 17. Bxe6+ fxe6 18. gxh5 g4 19. Nd2 Qg5 20. Nb3 Rxh5
21. Rxh5 Qxh5 22. Qe2 e5 23. Kd2 Rh8 24. Nc5 Qg6 25. Qd3 e4 26. Qb1 Na5 27. Qb4
b6 28. Nxa6 g3 29. Qe7 Nb3+ 30. Ke2 Qg4+ 31. f3 exf3+ 32. gxf3 Rh2+ 33. Kd1 Qd7
34. Qf8+ Kb7 0-1

[Event "26PCR_F"]
[Site "?"]
[Date "2012.10.29"]
[Round "?"]
[White "Pavlicek, Miroslav"]
[Black "Slavik, Miroslav"]
[Result "1-0"]
[WhiteElo "2272"]
[BlackElo "2222"]
[PlyCount "71"]
[EventDate "2012.??.??"]
[EventType "corr"]
[EventRounds "2"]
[SourceDate "2010.08.23"]

1. e4 c6 2. d4 d5 3. exd5 cxd5 4. c4 Nf6 5. Nc3 Nc6 6. Bg5 e6 7. c5 Bd7 8. a3
Be7 9. Be3 O-O 10. b4 b6 11. b5 Na5 12. c6 Bc8 13. Bd3 a6 14. a4 Nc4 15. Bxc4
dxc4 16. Nge2 Nd5 17. O-O Re8 18. Qc2 h6 19. Rfd1 Bd6 20. Ne4 Bc7 21. Qxc4
Bxh2+ 22. Kxh2 Qh4+ 23. Kg1 Qxe4 24. Bd2 axb5 25. axb5 Rxa1 26. Rxa1 Rd8 27. f3
Qh4 28. Ra8 Re8 29. Nc3 Qd8 30. Qd3 Nc7 31. Rb8 Nd5 32. Qe4 g5 33. Be1 Rf8 34.
Ra8 Nc7 35. Ra7 f5 36. Qe5 1-0

[Event "26PCR_F"]
[Site "?"]
[Date "2012.10.29"]
[Round "?"]
[White "Pavlicek, Miroslav"]
[Black "Benes, Jiri"]
[Result "1-0"]
[WhiteElo "2272"]
[BlackElo "2106"]
[PlyCount "89"]
[EventDate "2012.??.??"]
[EventType "corr"]
[EventRounds "2"]
[SourceDate "2010.08.23"]

1. e4 e5 2. Nf3 Nc6 3. d4 exd4 4. Nxd4 Bc5 5. Be3 Qf6 6. c3 Nge7 7. Nc2 d6 8.
Nd2 O-O 9. Bxc5 dxc5 10. Ne3 Be6 11. Be2 Qh6 12. O-O Rad8 13. Qc2 f5 14. Nf3
fxe4 15. Qxe4 Rf4 16. Qc2 Nd5 17. Nxd5 Bxd5 18. Rad1 Rg4 19. Rfe1 Qh5 20. g3
Rg6 21. Qa4 Rgd6 22. Nh4 Qf7 23. Rxd5 Rxd5 24. Bc4 a6 25. Bxd5 Qxd5 26. Qg4 Rf8
27. Rd1 Qxa2 28. Nf5 g6 29. Nh6+ Kh8 30. Qd7 Qb3 31. Rd2 Qc4 32. h4 a5 33. h5
a4 34. hxg6 hxg6 35. Qh3 Nd4 36. Nf7+ Kg7 37. Ng5 Nf3+ 38. Nxf3 Rxf3 39. Qd7+
Rf7 40. Qe8 Kf6 41. Qh8+ Kf5 42. Rd8 g5 43. Qh5 Re7 44. Qh3+ Kg6 45. Rh8 1-0

[Event "26PCR_F"]
[Site "?"]
[Date "2012.10.29"]
[Round "?"]
[White "Fejfar, Vlastimil"]
[Black "Urban, Milos"]
[Result "0-1"]
[WhiteElo "2168"]
[BlackElo "2158"]
[PlyCount "74"]
[EventDate "2012.??.??"]
[EventType "corr"]
[EventRounds "2"]
[SourceDate "2010.08.23"]

1. e4 e5 2. f4 exf4 3. Nf3 d6 4. d4 g5 5. h4 g4 6. Ng1 Bh6 7. Nc3 Nc6 8. Qd3
Bd7 9. Nd5 Nf6 10. Ne2 Nxd5 11. exd5 Ne7 12. Bxf4 Bg7 13. Nc3 b5 14. O-O-O b4
15. Ne4 O-O 16. h5 Bf5 17. h6 Bh8 18. Bg5 Qd7 19. g3 Nxd5 20. Bg2 Rae8 21. Rhf1
Bg6 22. Rfe1 a5 23. Qc4 Nb6 24. Qf1 f5 25. Nd2 Qa4 26. Kb1 f4 27. Be4 Rxe4 28.
Nxe4 Qc6 29. d5 Nxd5 30. gxf4 Bxe4 31. Rxe4 Nc3+ 32. bxc3 Qxe4 33. Re1 Qb7 34.
c4 Qf3 35. Qxf3 gxf3 36. Rf1 Re8 37. a3 Kf7 0-1

[Event "26PCR_F"]
[Site "?"]
[Date "2012.10.29"]
[Round "?"]
[White "Chvojka, Jaroslav"]
[Black "Postl, Rostislav"]
[Result "0-1"]
[WhiteElo "2178"]
[BlackElo "2277"]
[PlyCount "106"]
[EventDate "2012.??.??"]
[EventType "corr"]
[EventRounds "2"]
[SourceDate "2010.08.23"]

1. d4 d5 2. c4 dxc4 3. Nf3 c6 4. e3 Be6 5. Qc2 b5 6. b3 Qa5+ 7. Bd2 cxb3 8. Qb2
Qb6 9. axb3 Nf6 10. Bd3 a5 11. O-O Bd5 12. Ne5 g6 13. Nc3 Bg7 14. Rfc1 O-O 15.
Nxd5 Nxd5 16. e4 Nc7 17. Be3 Nca6 18. Be2 Rd8 19. f4 Nb4 20. Qc3 Nd7 21. Nxc6
Nxc6 22. Qxc6 Bxd4 23. Qxb6 Nxb6 24. Bxd4 Rxd4 25. Bxb5 Rb4 26. Bc6 Ra7 27. Rc3
Rc7 28. Rac1 a4 29. bxa4 Nxa4 30. R3c2 Nb2 31. Kf1 Nd3 32. Bd5 Ra7 33. Rd1 Nxf4
34. Bc4 Raa4 35. Rd8+ Kg7 36. Rc8 Nh5 37. Rc7 Nf6 38. Bd3 Ra3 39. Ke2 Rbb3 40.
Rd2 Nxe4 41. Bxe4 Re3+ 42. Kf2 Rxe4 43. Rdc2 h5 44. Rd7 h4 45. Rdc7 Rf4+ 46.
Ke2 e5 47. h3 Kh6 48. R7c5 Re4+ 49. Kf2 Kg5 50. Rd5 f5 51. Rc6 Ra2+ 52. Kf1
Rf4+ 53. Kg1 Ra1+ 0-1

[Event "26PCR_F"]
[Site "?"]
[Date "2012.10.29"]
[Round "?"]
[White "Goc, Pavel"]
[Black "Smolka, Jan"]
[Result "0-1"]
[WhiteElo "2118"]
[BlackElo "2137"]
[PlyCount "68"]
[EventDate "2012.??.??"]
[EventType "corr"]
[EventRounds "2"]
[SourceDate "2010.08.23"]

1. d4 Nf6 2. Nf3 d5 3. e3 e6 4. Bd3 c5 5. c3 Nc6 6. Nbd2 Bd6 7. O-O O-O 8. dxc5
Bxc5 9. e4 Qc7 10. Qe2 h6 11. Nb3 Nxe4 12. Bxe4 dxe4 13. Qxe4 Bd6 14. Be3 b6
15. Rad1 Bb7 16. Qg4 Rad8 17. Bxh6 f5 18. Qh5 gxh6 19. Qg6+ Qg7 20. Qxe6+ Kh7
21. Rxd6 Rde8 22. Qd7 Re7 23. Qxb7 Rxb7 24. Rxc6 Rf6 25. Rxf6 Qxf6 26. Rd1 Qf7
27. Ne5 Qe8 28. Re1 Qa4 29. Nd4 Qxa2 30. Nd3 b5 31. Nxf5 b4 32. Nxb4 Qxb2 33.
Rd1 Qxc3 34. Nd5 Qd3 0-1

[Event "26PCR_F"]
[Site "?"]
[Date "2012.10.29"]
[Round "?"]
[White "Smolka, Jan"]
[Black "Chvojka, Jaroslav"]
[Result "1-0"]
[WhiteElo "2137"]
[BlackElo "2178"]
[PlyCount "51"]
[EventDate "2012.??.??"]
[EventType "corr"]
[EventRounds "2"]
[SourceDate "2010.08.23"]

1. d4 Nf6 2. Nf3 d5 3. e3 g6 4. Bd3 Bg7 5. Nbd2 O-O 6. O-O c5 7. c3 Qc7 8. Qe2
Re8 9. dxc5 Nbd7 10. b4 b6 11. cxb6 Nxb6 12. Bb2 Na4 13. Rab1 Nxb2 14. Rxb2 e5
15. Bb5 Re7 16. Rbb1 a6 17. Ba4 Bg4 18. h3 Bd7 19. Bxd7 Qxd7 20. c4 e4 21. Nd4
dxc4 22. Qxc4 Rc8 23. Qxa6 Nd5 24. Rfc1 Nc3 25. N2b3 Nxb1 26. Qxc8+ 1-0

[Event "26PCR_F"]
[Site "?"]
[Date "2012.10.29"]
[Round "?"]
[White "Postl, Rostislav"]
[Black "Fejfar, Vlastimil"]
[Result "1-0"]
[WhiteElo "2277"]
[BlackElo "2168"]
[PlyCount "53"]
[EventDate "2012.??.??"]
[EventType "corr"]
[EventRounds "2"]
[SourceDate "2010.08.23"]

1. d4 Nf6 2. Bg5 e6 3. e4 d5 4. e5 h6 5. Bxf6 gxf6 6. Nf3 c5 7. exf6 Qxf6 8. c3
Bd7 9. dxc5 Nc6 10. Nbd2 Bxc5 11. Nb3 Bd6 12. g3 O-O-O 13. Bg2 Kb8 14. O-O h5
15. c4 Be7 16. cxd5 exd5 17. Rc1 Bg4 18. h3 Be6 19. Nbd4 Nxd4 20. Qxd4 h4 21.
g4 Rhg8 22. Rc3 Qh6 23. Ne5 f6 24. Nc6+ bxc6 25. Qa4 Bd7 26. Rd1 Be8 27. Rxd5
1-0

[Event "26PCR_F"]
[Site "?"]
[Date "2012.10.29"]
[Round "?"]
[White "Urban, Milos"]
[Black "Stepan, Josef"]
[Result "1-0"]
[WhiteElo "2158"]
[BlackElo "1871"]
[PlyCount "57"]
[EventDate "2012.??.??"]
[EventType "corr"]
[EventRounds "2"]
[SourceDate "2010.08.23"]

1. e4 e6 2. d4 d5 3. Nc3 Nf6 4. e5 Nfd7 5. f4 c5 6. Nf3 Nc6 7. Be3 Be7 8. Qd2
O-O 9. Be2 a6 10. O-O b5 11. a3 b4 12. axb4 cxb4 13. Na4 a5 14. Bb5 Bb7 15. Qd3
Na7 16. Bxd7 Qxd7 17. Nb6 Qc6 18. Nxa8 Ba6 19. Qd1 Bxf1 20. Qxf1 Rxa8 21. Rxa5
Qxc2 22. Qa6 Qc7 23. Bd2 b3 24. f5 Qd7 25. fxe6 fxe6 26. Ra1 h6 27. Ne1 Kf7 28.
Nd3 Qc7 29. Rf1+ 1-0

[Event "26PCR_F"]
[Site "?"]
[Date "2012.10.29"]
[Round "?"]
[White "Benes, Jiri"]
[Black "Slavik, Miroslav"]
[Result "1/2-1/2"]
[WhiteElo "2106"]
[BlackElo "2222"]
[PlyCount "67"]
[EventDate "2012.??.??"]
[EventType "corr"]
[EventRounds "2"]
[SourceDate "2010.08.23"]

1. c4 e5 2. Nc3 Nf6 3. g3 Bc5 4. Nf3 d6 5. d4 exd4 6. Nxd4 O-O 7. Bg2 Nbd7 8.
O-O a6 9. b3 Re8 10. Bb2 Ne5 11. Rc1 Rb8 12. Qd2 c6 13. Na4 Ba7 14. c5 d5 15.
f3 Qe7 16. Ba3 Ng6 17. Rfe1 Bd7 18. e3 Qe5 19. Bb4 Qh5 20. Ba5 Ra8 21. Qb4 Bc8
22. Bc7 Nd7 23. Bd6 Nge5 24. Qc3 Ng6 25. Re2 Bb8 26. f4 Bxd6 27. Bf3 Qh3 28.
cxd6 Nf6 29. Ree1 Bg4 30. Bg2 Qh6 31. Qb4 Rab8 32. Nc5 Nf8 33. Nxb7 Bc8 34.
Nxc6 1/2-1/2

[Event "26PCR_F"]
[Site "?"]
[Date "2012.10.29"]
[Round "?"]
[White "Pavlicek, Miroslav"]
[Black "Urban, Milos"]
[Result "1-0"]
[WhiteElo "2272"]
[BlackElo "2158"]
[PlyCount "129"]
[EventDate "2012.??.??"]
[EventType "corr"]
[EventRounds "2"]
[SourceDate "2010.08.23"]

1. e4 e5 2. Nf3 Nf6 3. d4 Nxe4 4. Bd3 d5 5. Nxe5 Nd7 6. Nxd7 Bxd7 7. O-O Bd6 8.
c4 c6 9. cxd5 cxd5 10. Nc3 Nxc3 11. bxc3 O-O 12. Qh5 f5 13. Qf3 Kh8 14. Bd2 Qc7
15. h3 Bc6 16. Rfe1 g6 17. h4 Kg7 18. h5 Rae8 19. Rxe8 Rxe8 20. g3 Qd7 21. Qh1
Qe6 22. Qh4 Be7 23. Qh3 Bd7 24. Rb1 b6 25. Re1 Qf7 26. hxg6 hxg6 27. Qh6+ Kg8
28. Qf4 Bd8 29. Qb8 Rxe1+ 30. Bxe1 Qe7 31. Bd2 Bc6 32. Bf4 Kf7 33. Ba6 Qd7 34.
Be5 Ke8 35. Bd6 Qh7 36. g4 Qh3 37. gxf5 Qxf5 38. Qxa7 b5 39. Qg7 Qb1+ 40. Kh2
Qf5 41. Qg8+ Kd7 42. Bg3 Qh5+ 43. Kg1 Qf5 44. a3 Qb1+ 45. Kh2 Qf5 46. a4 bxa4
47. Bf1 Qf6 48. Bh3+ Ke7 49. c4 Bc7 50. Qh7+ Qf7 51. Qxf7+ Kxf7 52. Bxc7 a3 53.
cxd5 Bxd5 54. Ba5 a2 55. Bc3 Ke7 56. Bg2 Be6 57. d5 Bf5 58. Be5 Bd7 59. Bh3 Ba4
60. d6+ Ke8 61. Be6 Bd7 62. Bxa2 Bc8 63. Kg3 Bf5 64. Bc4 Bd7 65. Kf4 1-0

[Event "26PCR_F"]
[Site "?"]
[Date "2012.10.29"]
[Round "?"]
[White "Stepan, Josef"]
[Black "Postl, Rostislav"]
[Result "0-1"]
[WhiteElo "1871"]
[BlackElo "2277"]
[PlyCount "42"]
[EventDate "2012.??.??"]
[EventType "corr"]
[EventRounds "2"]
[SourceDate "2010.08.23"]

1. c4 e6 2. g3 d5 3. Bg2 c6 4. cxd5 exd5 5. d4 Bd6 6. Nc3 h6 7. e4 dxe4 8. Nxe4
Bb4+ 9. Nc3 Nf6 10. Nf3 O-O 11. O-O Re8 12. Bf4 Be6 13. a3 Bf8 14. Re1 Nbd7 15.
Ne5 g5 16. Nxd7 Qxd7 17. Be5 Ng4 18. Qc2 f6 19. d5 Bf5 20. Be4 Rxe5 21. dxc6
bxc6 0-1